| 000 | 00701nam a2200253Ia 4500 | ||
|---|---|---|---|
| 999 |
_c53146 _d53146 |
||
| 001 | 20185 | ||
| 003 | GE_BSU | ||
| 005 | 20250714145457.0 | ||
| 008 | 181216s2005||||enk|||||||||||||| ||eng|| | ||
| 020 | _a9780582825017 | ||
| 040 | _cGE_BSU | ||
| 041 | _aeng | ||
| 080 | _a811.111(075.8) C-73 | ||
| 100 |
_aCunningham, Sara _925620 |
||
| 245 |
_aNew Cutting EDGE : Elementary : _bStudents book / _cSara Cunningham, Peter Moor, Frances Eales, |
||
| 264 |
_aHarlow : _bPEARSON, _c2005. |
||
| 300 |
_a176 p. ; _c29 cm. |
||
| 541 | _h5 gel. | ||
| 653 | _aNew Cutting EDGE | ||
| 653 | _aElementary | ||
| 653 | _aStudents book | ||
| 653 | _aინგლისური ენა | ||
| 942 |
_cBK _2udc |
||